関東のバス営業所(PASMO加盟企業のみ) - Statistics

General Stats
  • This quiz has been taken 320 times
    318 since last reset
  • The average score is 133 of 280
Answer Stats
バス会社 営業所識別記号 % Correct
東京都交通局 B 渋谷自動車営業所
86%
神奈川中央交通 横浜営業所
85%
江ノ電バス - 横浜営業所
85%
フジエクスプレス H 横浜営業所
85%
相鉄バス - 横浜営業所
85%
東京都交通局 C 渋谷営業所新宿支所
84%
東京都交通局 A 品川自動車営業所
81%
小田急バス F 町田営業所
79%
神奈川中央交通 町田営業所
79%
伊豆箱根バス - 町田営業所
79%
東京都交通局 N 北自動車営業所
78%
東京都交通局 F 北営業所練馬支所
77%
東京都交通局 W 早稲田自動車営業所青梅支所
77%
箱根登山バス - 小田原営業所
77%
西東京バス B 青梅営業所
77%
西武バス - 練馬営業所
77%
西武バス - 川越営業所
77%
西武観光バス - 練馬営業所
77%
伊豆箱根バス - 小田原営業所
77%
東武バスウエスト KG 川越営業事務所
77%
イーグルバス - 川越営業所
77%
国際興業バス - 練馬営業所
77%
神奈川中央交通 多摩営業所
75%
京王バス J 多摩営業所
75%
西武バス - 立川営業所
75%
横浜市交通局 - 鶴見営業所
73%
川崎鶴見臨港バス T 鶴見営業所
73%
神奈川中央交通 戸塚営業所
73%
神奈川中央交通東 藤沢営業所
73%
神奈川中央交通西 平塚営業所
73%
京王電鉄バス C 八王子営業所
73%
東京都交通局 V 江戸川自動車営業所
72%
フジエクスプレス P 江戸川営業所
72%
西武バス - 大宮営業所
72%
西武観光バス - 大宮営業所
72%
東武バスウエスト OM 大宮営業事務所
72%
京成バス E 江戸川営業所
72%
東京都交通局 T 早稲田自動車営業所
71%
京急バス H 羽田営業所
71%
東京空港交通 - 羽田運行事務所
71%
京王バス L 調布営業所
70%
東急バス M 目黒営業所
69%
神奈川中央交通東 厚木営業所
69%
京王バス B 府中営業所
69%
神奈川中央交通西 伊勢原営業所
68%
西武バス - 所沢営業所
68%
国際興業バス - 池袋営業所
68%
東京都交通局 E 小滝橋自動車営業所
66%
京急バス C 鎌倉営業所
66%
江ノ電バス - 鎌倉営業所
66%
京王バス A 中野営業所
66%
ちばフラワーバス - 中野営業所
66%
東京都交通局 L 江東自動車営業所
65%
東京都交通局 Y 品川自動車営業所港南支所
64%
横浜市交通局 - 港南営業所
64%
神奈川中央交通東 相模原営業所
64%
西武バス - 飯能営業所
63%
伊豆箱根バス - 三島営業所
63%
国際興業バス - 飯能営業所
63%
京成バス 2 松戸営業所
63%
松戸新京成バス - 松戸営業所
63%
横浜市交通局 - 磯子営業所
62%
横浜交通開発 - 磯子営業所
62%
京王バス T 高尾営業所
62%
東武バスセントラル AD 足立営業事務所
62%
京成バス N 千葉営業所
62%
千葉中央交通 - 乗合千葉営業所
62%
東京都交通局 D 小滝橋自動車営業所杉並支所
61%
東京都交通局 H 千住自動車営業所
61%
京急バス D 逗子営業所
61%
小田急バス A 吉祥寺営業所
61%
神奈川中央交通 綾瀬営業所
61%
東海バス - 熱海営業所
61%
東海バス - 沼津営業所
61%
千葉交通 - 成田営業所
61%
東京空港交通 - 成田運行事務所
61%
相鉄バス - 綾瀬営業所
61%
東急バス AO 青葉台営業所
60%
神奈川中央交通 茅ヶ崎営業所
60%
神奈川中央交通西 秦野営業所
60%
関東鉄道 MT 水戸営業所
60%
関東鉄道 TC 土浦営業所
59%
東京都交通局 R 江戸川自動車営業所臨海支所
58%
京急バス M 大森営業所
58%
京急バス G 三崎営業所
58%
神奈川中央交通東 大和営業所
58%
京王バス G 府中営業所小金井支所
58%
京王電鉄バス G 小金井営業所
58%
国際興業バス - 赤羽営業所
58%
小田急バス E 登戸営業所
57%
小田急ハイウェイバス - 世田谷営業所
57%
神奈川中央交通東 橋本営業所
57%
京王バス - 永福町営業所世田谷車庫
57%
西武観光バス - 秩父営業所
57%
神奈川中央交通 中山営業所
56%
京王バス D 永福町営業所
56%
朝日自動車 - 越谷営業所
56%
京急バス F 久里浜営業所
55%
神奈川中央交通西 津久井営業所
55%
国際十王交通 - 熊谷営業所
55%
東京都交通局 P 巣鴨自動車営業所
54%
東急バス TA 高津営業所
54%
フジエクスプレス T 東京営業所
54%
イーグルバス - 東京営業所
54%
国際興業バス - 川口営業所
54%
山梨交通 - 甲府営業所
54%
東京都交通局 S 深川自動車営業所
53%
西武バス - 小平営業所
53%
東京都交通局 K 南千住自動車営業所
51%
立川バス F 福生営業所
51%
西東京バス C 五日市営業所
51%
関東バス A 阿佐ヶ谷営業所
51%
関越交通 - 前橋営業所
51%
東海バス - 伊東営業所
50%
東海バス - 下田営業所
50%
関東鉄道 MR 守谷営業所
50%
小湊鐵道 - 木更津営業所
50%
日東交通 - 木更津運輸営業所
50%
川崎市交通局 S 塩浜営業所
49%
横浜市交通局 - 港北営業所
49%
横浜市交通局 - 港北営業所
49%
川崎鶴見臨港バス A 塩浜営業所
49%
東急バス NJ 虹が丘営業所
49%
西武バス - 狭山営業所
49%
西武観光バス - 狭山営業所
49%
京成バス 0 新都心営業所習志野出張所
49%
船橋新京成バス - 習志野営業所
49%
小田急バス D 狛江営業所
48%
東京都交通局 J 有明自動車営業所
47%
江ノ電バス - 湘南営業所
47%
関東バス B 武蔵野営業所
47%
東武バスセントラル SK 草加営業事務所
47%
横浜市交通局 - 緑営業所
46%
東急バス NI 新羽営業所
46%
神奈川中央交通 舞岡営業所
46%
西武バス - 新座営業所
46%
東武バスウエスト AO 上尾営業所
46%
京成バス 3 市川営業所
46%
ちばレインボーバス - 本社営業所(船尾車庫)
46%
相鉄バス - 旭営業所
46%
小田急バス C 武蔵境営業所
45%
東海バス - 修善寺営業所
45%
京成バス 8 金町営業所
45%
京成バス 4 新都心営業所
45%
京成タウンバス - 金町営業所
45%
京成トランジットバス - 本社営業所
45%
関鉄観光バス TC 本社営業センター
45%
平和交通 - 本社営業所
45%
関東バス C 青梅街道営業所
44%
阪東自動車 - 我孫子営業所
44%
関鉄グリーンバス G 石岡本社営業所
44%
日東交通 - 館山運輸営業所
44%
東京都交通局 Z 南千住自動車営業所青戸支所
43%
東急バス E 荏原営業所
43%
京王バス S 桜ヶ丘営業所
43%
京王電鉄バス S 桜ヶ丘営業所
43%
日東交通 - 君津運輸営業所
43%
日東交通 - 鴨川運輸営業所
43%
横浜市交通局 - 保土ケ谷営業所
42%
京急バス Y 杉田営業所
42%
立川バス J 上水営業所
41%
関東バス E 五日市街道営業所
41%
西武観光バス - 軽井沢営業所
41%
関東鉄道 ED 江戸崎車庫
41%
千葉交通 - 銚子営業所
41%
京急バス A 追浜営業所
40%
東急バス A 淡島営業所
40%
東急バス T 弦巻営業所
40%
東急バス I 池上営業所
40%
京王バス M 南大沢営業所
40%
関東バス D 丸山営業所
40%
西武バス - 上石神井営業所
40%
東武バスセントラル AD 葛飾営業所
40%
関越交通 - 渋川営業所
40%
国際興業バス - さいたま東営業所
40%
関東鉄道 RG 竜ヶ崎営業所
40%
東武バスセントラル AD 西新井営業所
39%
関越交通 - 沼田営業所
39%
小田急ハイウェイバス - 御殿場営業所
38%
山梨交通 - 韮崎営業所
38%
ちばフラワーバス - 成東営業所
38%
横浜市交通局 - 本牧営業所
37%
京急バス E 衣笠営業所
37%
箱根登山バス - 湯本営業所
37%
西武バス - 滝山営業所
37%
茨城急行自動車 - 古河営業所
37%
国際興業バス - 戸田営業所
37%
京成バス 1 奥戸営業所
37%
京成タウンバス - 奥戸営業所
37%
関鉄グリーンバス G 鉾田営業所
37%
川崎市交通局 W 鷲ヶ峰営業所
36%
川崎鶴見臨港バス H 浜川崎営業所
36%
東急バス SI 下馬営業所
36%
東急トランセ - 下馬営業所
36%
朝日自動車 - 久喜営業所
36%
朝日自動車 - 太田営業所
36%
国際興業バス - 鳩ヶ谷営業所
36%
山梨交通 - 身延営業所
36%
京急バス N 能見台営業所
35%
東急バス S 瀬田営業所
35%
立川バス A 曙営業所
35%
東武バスウエスト KG 坂戸営業所
35%
山梨交通 - 静岡営業所
35%
船橋新京成バス - 鎌ヶ谷営業所
35%
小湊鐵道 - 茂原車庫
35%
川崎市交通局 H 上平間営業所
34%
横浜市交通局 - 滝頭営業所
34%
東武バスセントラル SK 八潮営業所
34%
東武バスウエスト OM 岩槻営業所
34%
山梨交通 - 鰍沢営業所
34%
関東鉄道 IT 潮来営業所
34%
小湊鐵道 - 勝浦車庫
34%
東武バスセントラル SK 三郷営業所
33%
茨城急行自動車 - 野田営業所
33%
関鉄パープルバス P 下妻本社営業所
33%
東急バス H 東山田営業所
32%
東武バスセントラル SK 吉川営業所
32%
国際興業バス - 西浦和営業所
32%
関東鉄道 YT つくば中央営業所
32%
川崎市交通局 A 井田営業所
31%
横浜市交通局 - 若葉台営業所
31%
京急バス J 新子安営業所
31%
小田急バス B 若林営業所
31%
神奈川中央交通東 厚木北営業所
31%
箱根登山バス - 湯河原営業所
31%
西東京バス D 恩方営業所
31%
山梨交通 - 塩山営業所
31%
京成バス 1 奥戸営業所東雲車庫
31%
東京BRT - 奥戸営業所東雲車庫
31%
関東鉄道 TK つくば北営業所
31%
西東京バス A 楢原営業所
30%
東武バスセントラル KW 沼南営業所
30%
国際興業バス - 志村営業所
30%
小湊鐵道 - 長南営業所
30%
東海バス - 松崎営業所
29%
朝日自動車 - 境営業所
29%
ちばグリーンバス - 田町車庫
29%
横浜市交通局 - 浅間町営業所
28%
川崎鶴見臨港バス S 神明町営業所
28%
西武バス - 滝山営業所西原車庫
28%
京成バス 5 長沼営業所
28%
東京空港交通 - 羽田空港運行事務所
28%
川越観光自動車 - 森林公園営業所
27%
山梨交通 - 伊勢町営業所
27%
小湊鐵道 - 大多喜車庫
27%
日東交通 - 富津運輸営業所
27%
朝日自動車 - 加須営業所
26%
東武バスセントラル KW 西柏営業事務所
25%
茨城急行自動車 - 松伏営業所
25%
イーグルバス - 寄居営業所
25%
山梨交通 - 敷島営業所
25%
関東鉄道 HS 波崎車庫
25%
小湊鐵道 - 塩田営業所
25%
小湊鐵道 - 姉崎車庫
25%
西東京バス E 五日市営業所氷川車庫
24%
朝日自動車 - 杉戸営業所
24%
東武バスセントラル AD 花畑営業所
23%
千葉内陸バス - 千代田営業所
23%
小湊鐵道 - 白子車庫
23%
小湊鐵道 - 東金営業所
23%
千葉交通 - 多古営業所
23%
東京空港交通 - 箱崎運行事務所
23%
朝日自動車 - 菖蒲営業所
22%
朝日自動車 - 本庄営業所
22%
ちばシティバス - 新港車庫
21%
関越交通 - 鎌田営業所
19%
箱根登山バス - 関本営業所
18%
千葉海浜交通 - 高浜車庫
18%
千葉内陸バス - みつわ台営業所
18%
箱根登山バス - 宮城野営業所
17%
西東京バス M 楢原営業所中野学園車庫
17%
千葉中央交通 - いすみ営業所
17%
東洋バス - 新山営業所
17%
平和交通 - 若松営業所
17%
西武観光バス - 秩父営業所小鹿野車庫
16%
イーグルバス - 都幾川営業所
16%
西東京バス - 五日市営業所下町車庫
15%
関越交通 - 吾妻営業所
15%
京成トランジットバス - 千鳥営業所
15%
千葉中央交通 - 大野台営業所
13%
No matching quizzes found
Score Distribution
Percent of People with Each Score
Percentile by Number Answered
Your Score History
You have not taken this quiz since the last reset